<?xml version="1.0" encoding="UTF-8"?>
<marc:record xmlns:marc="http://www.loc.gov/MARC21/slim">
   <marc:leader>00000nam a2200000 a 4500</marc:leader>
   <marc:datafield ind1="1" ind2=" " tag="100">
      <marc:subfield code="a">Wocken, Hans</marc:subfield>
      <marc:subfield code="4">aut</marc:subfield>
      <marc:subfield code="e">Verfasser/-in</marc:subfield>
   </marc:datafield>
   <marc:datafield ind1=" " ind2=" " tag="653">
      <marc:subfield code="a">Schule</marc:subfield>
   </marc:datafield>
   <marc:datafield ind1=" " ind2=" " tag="653">
      <marc:subfield code="a">Inklusion</marc:subfield>
   </marc:datafield>
   <marc:datafield ind1=" " ind2=" " tag="653">
      <marc:subfield code="a">Inklusive Schule</marc:subfield>
   </marc:datafield>
   <marc:datafield ind1=" " ind2=" " tag="653">
      <marc:subfield code="a">Integration</marc:subfield>
   </marc:datafield>
   <marc:datafield ind1=" " ind2=" " tag="653">
      <marc:subfield code="a">Lebenswelten und Behinderungen</marc:subfield>
   </marc:datafield>
   <marc:datafield ind1=" " ind2=" " tag="653">
      <marc:subfield code="a">Softcover / Pädagogik/Bildungswesen</marc:subfield>
   </marc:datafield>
   <marc:datafield ind1="0" ind2="0" tag="245">
      <marc:subfield code="a">Zum Haus der inklusiven Schule</marc:subfield>
   </marc:datafield>
   <marc:datafield ind1="0" ind2="0" tag="245">
      <marc:subfield code="b">Ansichten - Zugänge - Wege</marc:subfield>
   </marc:datafield>
   <marc:datafield ind1="0" ind2="0" tag="245">
      <marc:subfield code="c">Hans Wocken</marc:subfield>
   </marc:datafield>
   <marc:datafield ind1=" " ind2="1" tag="264">
      <marc:subfield code="a">Hamburg</marc:subfield>
      <marc:subfield code="b">Feldhaus, Edition Hamburger Buchwerkstatt</marc:subfield>
   </marc:datafield>
   <marc:datafield ind1="1" ind2=" " tag="490">
      <marc:subfield code="a">Inklusion und Schule / Hans Wocken] ; [Band 2</marc:subfield>
      <marc:subfield code="v">Band 15</marc:subfield>
   </marc:datafield>
   <marc:datafield ind1=" " ind2=" " tag="250">
      <marc:subfield code="a">3. Auflage</marc:subfield>
   </marc:datafield>
   <marc:datafield ind1="1" ind2=" " tag="520">
      <marc:subfield code="a">Angaben aus der Verlagsmeldung

Zum Haus der inklusiven Schule : Ansichten - Zugänge - Wege / von Hans Wocken

„Zum Haus der inklusiven Schule“ bietet der vorliegende Band vielfältige „Ansichten, Zugänge und Wege“ an. Dabei kommen unterschiedliche Perspektiven und Sichtweisen zum Tragen:

• In Beiträgen zur Bildungspolitik wird gefragt, was eigentlich passiert, wenn Inklusion und Separation aufeinandertreffen und miteinander konkurrieren.
• Der Philosophie sind Überlegungen geschuldet, die die Bedeutung und den Zusammenhang der grundlegenden Werte „Selbstbestimmung“, „Gleichberechtigung“, und „Teilhabe“ aufzuklären suchen.
• In der Psychologie ist eine Arbeit verortet, die sich kritisch mit der traditionellen (sonder)pädagogischen Diagnostik auseinandersetzt und programmatische Konturen einer neuen inklusiven Diagnostik zeichnet.
• Mit der Brille der Soziologie wird auf das Konzept „Lesepaten“ geschaut. Sind Lesepaten Lückenbüßer für staatliche Versäumnisse oder Beispiel eines bürgerschaftlichen Engagements für mehr Chancengerechtigkeit in der Bildung?
• In einem Beitrag zur Pädagogik wird das sogenannte „Werte-Quadrat“ als ein gedankliches Werkzeug vorgestellt und für die Lösung von Grundproblemen einer inklusiven Pädagogik genutzt.
• Zum Aufgabengebiet der Didaktik wird der Entwurf einer inklusiven Unterrichtstheorie beigesteuert. Ein inklusiver Unterricht wird als eine ausgewogene Balance der beiden Grunddimensionen „Steuerung“ und „Kooperation“ verstanden.

Das Buch verspricht – ganz im Sinne von Inklusion – Vielfalt: Vielfalt der Themen ebenso wie auch eine Vielfalt der wissenschaftlichen Perspektiven. Im Ergebnis macht der Band deutlich, dass es „Zum Haus der inklusiven Schule“ vielfältige „Ansichten, Zugänge und Wege“ gibt, die sich wechselseitig befruchten, ergänzen oder auch relativieren.

Aufgrund großer Nachfrage erscheint das Buch bereits in dritter Auflage.
</marc:subfield>
   </marc:datafield>
   <marc:datafield ind1=" " ind2=" " tag="020">
      <marc:subfield code="a">9783925408519</marc:subfield>
      <marc:subfield code="9">9783925408519</marc:subfield>
   </marc:datafield>
   <marc:datafield ind1=" " ind2=" " tag="020">
      <marc:subfield code="a">3925408517</marc:subfield>
      <marc:subfield code="9">3925408517</marc:subfield>
   </marc:datafield>
   <marc:datafield ind1=" " ind2=" " tag="041">
      <marc:subfield code="a">ger</marc:subfield>
   </marc:datafield>
   <marc:datafield ind1=" " ind2=" " tag="300">
      <marc:subfield code="a">246 Seiten</marc:subfield>
   </marc:datafield>
</marc:record>
